Statistiche per Titoli di film che contengono città #3

Clicka qui per fare il quiz!

Statistiche generali

  • Questo quiz è stato fatto 36 volte
  • Il punteggio medio è 4 su 10

Statistiche sulle risposte

Titoli dei film (incompleti)AnnoCittà% Corretto
Christiane F. - Noi, i ragazzi dello zoo di ________1981Berlino
88%
Il processo di ________2000Norimberga
76%
Gangs of ________2002New York
71%
________ Beach2016Miami
62%
________, oh cara1962Parigi
29%
La battaglia di ________1966Algeri
26%
Viaggio a ________2001Kandahar
12%
Era notte a ________1960Roma
12%
Cosa fare a ________ quando sei morto1995Denver
6%
Ombre su ________1952Trieste
6%

Distribuzione punteggi

Percentile per numero di risposta

Percentuale di utenti per punteggio

I tuoi punteggi nel tempo

Non hai fatto questo quiz